Analýza časového radu vybraného makroekonomického ukazovateľa bakalárska práca

Na minha lista:
Detalhes bibliográficos
Autor principal: Polakovičová, Erika
Autor Corporativo: Fakulta hospodárskej informatiky EU. Katedra štatistiky
Outros Autores: Rublíková, Eva
Formato: Livro
Idioma:eslovaco
Publicado em: Bratislava 2010
Tags: Adicionar Tag
Sem tags, seja o primeiro a adicionar uma tag!

MARC

LEADER 00000nbm a2200000 4500
001 0138891
005 20161109111605.3
041 0 |a slo 
044 |a SK 
245 1 0 |a Analýza časového radu vybraného makroekonomického ukazovateľa  |b bakalárska práca  |c Erika Polakovičová ; školiteľ: Eva Rublíková 
264 1 |a Bratislava  |c 2010 
300 |a 41 s. 
100 1 |a Polakovičová, Erika 
700 1 |a Rublíková, Eva 
710 2 |a Fakulta hospodárskej informatiky EU. Katedra štatistiky